Planners hit out at application quality (Record no. 77377)

MARC details
000 -LEADER
fixed length control field 00982cab a2200205 4500
001 - CONTROL NUMBER
control field ##L134117
008 - FIXED-LENGTH DATA ELEMENTS--GENERAL INFORMATION
fixed length control field 060711n2006 000 0 eng u
035 ## - SYSTEM CONTROL NUMBER
System control number (Sirsi) u134117
041 0# - LANGUAGE CODE
Language code of text/sound track or separate title eng
100 1# - MAIN ENTRY--PERSONAL NAME
Personal name Morris, Huw
245 00 - TITLE STATEMENT
Title Planners hit out at application quality
260 ## - PUBLICATION, DISTRIBUTION, ETC.
Date of publication, distribution, etc. 2006
490 #0 - SERIES STATEMENT
Series statement Planning (for the Natural and Built Environment)
Volume/sequential designation (1675) 30 June 2006, 14-16(3)
520 ## - SUMMARY, ETC.
Summary, etc. Nearly one in five planners find most applications for housing projects of 10 homes or more poorly or very poorly presented according to a joint poll of planners by "Planning" and the Royal Town Planning Institute. Planners find that guidance and keynote policy statements are still ignored by developers. Summarises the findings of the survey.
590 ## - LOCAL NOTE (RLIN)
Local note IKA180706
650 24 - SUBJECT ADDED ENTRY--TOPICAL TERM
Topical term or geographic name entry element PLANNING POLICY STATEMENT ONE
651 #4 - SUBJECT ADDED ENTRY--GEOGRAPHIC NAME
Geographic name England
Chronological subdivision 886-
690 ## - LOCAL SUBJECT ADDED ENTRY--TOPICAL TERM (OCLC, RLIN)
Topical term or geographic name as entry element ENVIRONMENTAL AND LAND CONSULTANCY-PLANNING AND DEVELOPMENT-DEVELOPMENT CONTROL-PLANNING APPLICATIONS
942 ## - ADDED ENTRY ELEMENTS (KOHA)
Suppress in OPAC 0
Holdings
Withdrawn status Lost status Source of classification or shelving scheme Damaged status Not for loan Home library Current library Shelving location Date acquired Total Checkouts Full call number Barcode Date last seen Copy number Price effective from Koha item type
    Dewey Decimal Classification     London London Journal article 11/07/2006   L134117 134117-1001 06/08/2019 1 06/08/2019 Journal article